| Tag |
First Indicator |
Second Indicator |
Subfields |
| LEADER |
00000nam a2200000 4500 |
| 001 |
in00004283313 |
| 005 |
20200813083300.0 |
| 006 |
m g d |
| 007 |
cr bn |||a|bb| |
| 008 |
850702s1649 enk o 00| | eng d |
| 035 |
|
|
|a (UnM)99871429
|
| 037 |
|
|
|a CL0051000003
|b ProQuest Information and Learning. 300 N. Zeeb Rd., Ann Arbor, MI 48106
|
| 040 |
|
|
|a Cu-RivES
|c Cu-RivES
|d CStRLIN
|e dcrb
|d WaOLN
|
| 245 |
0 |
4 |
|a The confession of Richard Brandon the hangman (upon his death bed) :
|b concerning his beheading his late Majesty, Charles the first, King of Great Brittain; and his protestation and vow touching the same; the manner how he was terrified in conscience; the apparitions and visions which apeared unto him; the great judgment that befell him three dayes before he dy'd; and the manner how he was carryed to White Chappell Church-yard on Thursday night last; the strange actions that happened thereupon; with the merry conceits of the Crowne cook and his providing mourning cords for the buriall.
|
| 260 |
|
|
|a [London :
|b publisher not identified],
|c Printed in the year year [sic], of the hang-mans down-fall, 1649.
|
| 300 |
|
|
|a 1 online resource ([2], 6 pages)
|
| 336 |
|
|
|a text
|b txt
|2 rdacontent
|
| 337 |
|
|
|a computer
|b c
|2 rdamedia
|
| 338 |
|
|
|a online resource
|b cr
|2 rdacarrier
|
| 500 |
|
|
|a This tract is one of the pieces of evidence for assigning to Brandon the execution of Charles I, but it is not universally regarded as authentic. Cf. DNB.
|
| 500 |
|
|
|a With a title-page woodcut.
|
| 500 |
|
|
|a Place of publication from Wing.
|
| 500 |
|
|
|a On pages 4-6 is a letter, subscribed "Berwick the 18 Iune 1649", describing a Parliamentary naval victory.
|
| 500 |
|
|
|a Annotation on Thomason copy: "June 25 1649".
|
| 500 |
|
|
|a Reproductions of the originals in the Huntington Library and the British Library.
|
| 510 |
4 |
|
|a Wing (2nd edition, 1994)
|c C5798A.
|
| 510 |
4 |
|
|a Thomason
|c E.561[14].
|
| 533 |
|
|
|a Electronic reproduction.
|b Ann Arbor, Mich. :
|c UMI,
|d 1999-
|f (Early English books online)
|n Digital version of: (Thomason Tracts ; 86:E561[14])
|7 s1999 miun s
|
| 600 |
1 |
0 |
|a Brandon, Richard,
|d d. 1649
|v Early works to 1800.
|
| 650 |
|
0 |
|a Executions and executioners
|z England
|v Early works to 1800.
|
| 651 |
|
4 |
|a Great Britain
|x History
|y Commonwealth and Protectorate, 1649-1660
|v Early works to 1800.
|
| 700 |
1 |
|
|a Brandon, Richard,
|d d. 1649,
|e attributed name.
|
| 830 |
|
0 |
|a Early English books online.
|
| 856 |
4 |
0 |
|u http://proxy.library.tamu.edu/login?url=https://search.proquest.com/docview/2264182000
|z Connect to the full text of this electronic book
|t 0
|
| 999 |
f |
f |
|s fe9645c5-ee46-3051-8ea9-dca0e7be0828
|i c2b9f186-0712-3ec1-acbd-a117e695adb6
|t 0
|
| 952 |
f |
f |
|a Texas A&M University
|b College Station
|c Electronic Resources
|d Available Online
|t 0
|h No information provided
|
| 998 |
f |
f |
|t 0
|l Available Online
|